Essentials of marketing research / (Record no. 8964)
[ view plain ]
| 000 -LEADER | |
|---|---|
| fixed length control field | 00664cam a22002172 4500 |
| 001 - CONTROL NUMBER | |
| control field | 0000019440 |
| 005 - DATE AND TIME OF LATEST TRANSACTION | |
| control field | 20151217152155.0 |
| 008 - FIXED-LENGTH DATA ELEMENTS--GENERAL INFORMATION | |
| fixed length control field | 101116s xx 000 0 eng d |
| 020 ## - INTERNATIONAL STANDARD BOOK NUMBER | |
| International Standard Book Number | 1439080909 : |
| 040 ## - CATALOGING SOURCE | |
| Original cataloging agency | KABU |
| Transcribing agency | KABU |
| 100 1# - MAIN ENTRY--PERSONAL NAME | |
| Personal name | Zikmund, William G. |
| -- | 0000150678 |
| 245 10 - TITLE STATEMENT | |
| Title | Essentials of marketing research / |
| Statement of responsibility, etc. | William G. Zikmund, Barry J. Babin. |
| 250 ## - EDITION STATEMENT | |
| Edition statement | 4th ed. |
| 260 ## - PUBLICATION, DISTRIBUTION, ETC. (IMPRINT) | |
| Place of publication, distribution, etc. | Mason, OH : |
| Name of publisher, distributor, etc. | South-Western, |
| Date of publication, distribution, etc. | 2010. |
| 300 ## - PHYSICAL DESCRIPTION | |
| Extent | xix, 436 p. |
| 650 #0 - SUBJECT ADDED ENTRY--TOPICAL TERM | |
| Topical term or geographic name as entry element | Marketing research. |
| -- | 0000151518 |
| 700 1# - ADDED ENTRY--PERSONAL NAME | |
| Personal name | Babin, Barry J. |
| -- | 0000177633 |
| 852 1# - LOCATION | |
| -- | p4972.50 KES |
| 908 ## - PUT COMMAND PARAMETER (RLIN) | |
| Put command parameter | 101116 |
| 950 ## - LOCAL HOLDINGS (RLIN) | |
| -- | 1 |
| Withdrawn status | Lost status | Source of classification or shelving scheme | Not for loan | Home library | Current library | Date acquired | Total Checkouts | Full call number | Barcode | Date last seen | Date last checked out | Price effective from | Koha item type |
|---|---|---|---|---|---|---|---|---|---|---|---|---|---|
| Library of Congress Classification | Kabarak, Main Campus | Kabarak, Main Campus | 17/12/2015 | 1 | HF5415.2 .Z55 2010 c. 1 | 23322 | 11/10/2018 | 06/10/2018 | 17/12/2015 | General Collection |